000 00384nam a2200133Ia 4500
008 220217s9999||||xx |||||||||||||| ||und||
020 _a978-81-8404-341-9
082 _a004.67 HAR
100 _aHarwani, B. M
_95491
245 0 _aPractical web services for beginners
260 _aShroff publishers and dis. Pvt.
_bMumbai
_c2009
300 _aX,112p.;28cm
_b150
650 _aWWW
999 _c180618
_d180618